• 首页
  • 本馆介绍
  • 公告通知
  • 最新文献
  • 馆藏检索
  • 电子资源
  • 读者导购
  • 参考咨询
  • 我的图书馆
  • 登录
  • 详细信息显示
  • 放入我的书架
  • 预约/预借图书
  • 作者相关作品
  • 分类相关作品
  • 丛书相关作品
  • 出版社相关作品

书目信息

  • 表格格式
  • 工作单格式
  • 卡片格式
题名:
民事诉讼法
    
 
作者: 格兰农 , 格兰农 著 ;孙邦清 注
分册:  
出版信息: 北京   中国方正出版社  2004
页数: 16,660,125页
开本: 25cm
丛书名: ASPEN释例系列
单 册:
中图分类: D971.251
科图分类:
主题词: 民事诉讼法--案例--分析--美国--高等学校--教材
电子资源:
ISBN: 7-80107-672-9
000 01665nam0 2200445 450
000 01628nam0 2200433 450
000 01578nam0 2200421 450
000 01527nam0 2200397 450
000 01462nam0 2200397 450
000 01408nam0 2200373 450
000 01404nam0 2200361 450
000 01367oam2 2200349 450
001 002702371
005 20061214160643.43
010    @a7-80107-672-9@dCNY95.00
100    @a20040817d2004 em y0chiy0110 ea
101 0  @aeng@gchi
102    @aCN@b110000
105    @ay z 000yy
200 1  @a民事诉讼法@9min shi su song fa@f(美)格兰农(Joseph W.Glannon)著@F(mei)ge lan nong(Joseph W.Glannon)zhu@g孙邦清等注
205    @a注译本
210    @a北京@c中国方正出版社@d2004
215    @a16,660,125页@d25cm
225 2  @aASPEN释例系列
300    @a美国法学院经典教材
304    @a本书又名:《民事诉讼法:案例与分析》
304    @a附:美国《联邦民事诉讼规则》及其最新修订
305    @a美国ASPEN出版有限公司授权北京东方远见企业发展策划有限公司和中国方正出版社出版 据原著第4版译出
330    @a本书研究了美国民事诉讼的法律体系,讲述了如何选择适当的法院、诉讼范围、诉讼进程的步骤及判决的效力等。
461  0 @1001002702368@12001 @aASPEN释例系列
510 1  @aCivil Procedure@zeng
606 0  @a民事诉讼法@x案例@x分析@y美国@x高等学校@j教材
690    @aD971.251@v4
701  0 @c(美)@a格兰农@9ge lan nong@c(Glannon, Joseph W.)@4著
701  0 @a格兰农@4著@4著
702  0 @a孙邦清@9sun bang qing@f(1970.3~)@4注
801    @aCN@b中图数据@c20061214
905    @a10447@dD971.251@e47
    
    民事诉讼法/(美)格兰农(Joseph W.Glannon)著/孙邦清等注.-注译本.-北京:中国方正出版社,2004
    16,660,125页;25cm.-(ASPEN释例系列)
    美国法学院经典教材
    
    ISBN 7-80107-672-9:CNY95.00
    本书研究了美国民事诉讼的法律体系,讲述了如何选择适当的法院、诉讼范围、诉讼进程的步骤及判决的效力等。
●
相关链接 在E读中查询图书 在五车中查询图书 在当当中查询图书 在豆瓣中查询图书


正题名:民事诉讼法     索取号:D971.251/47         预约/预借

序号 登录号 条形码 馆藏地/架位号 状态 备注
1 0613214   206132148   第一样本阅览室/ [索取号:D971.251/47] 在馆    
2 0613215   206132157   第一借阅区/ [索取号:D971.251/47] 在馆    
3 0613216   206132166   第一借阅区/ [索取号:D971.251/47] 在馆    
唐山师范学院图书馆 欢迎您!
大连网信软件有限公司© 版权所有